Problematika roku 2000 očima soudního znalce

Možnosti a limity využitia súdnych znalcov pri riešení problémov spojených s fenoménom roku 2000 pri činnosti poisťovní. Postavenie a úloha súdnych znalcov. Dokazovaníe a dôkazy v českom právnom poriadku. Problém dátumu 31. 12. 1999 a prechod do roku 2000. Niektoré právne normy a súvislosť s dodávka...

Ausführliche Beschreibung

Gespeichert in:
Bibliographische Detailangaben
1. Verfasser: Smejkal, Vladimír
Format: Buchkapitel
Sprache:Tschechisch
Schlagworte:
Tags: Tag hinzufügen
Keine Tags, Fügen Sie das erste Tag hinzu!

MARC

LEADER 00000naa a2200000 4500
001 r036372
005 20230922095545.0
041 0 |a cze 
044 |a SK 
245 1 0 |a Problematika roku 2000 očima soudního znalce  |c Vladimír Smejkal 
520 |a Možnosti a limity využitia súdnych znalcov pri riešení problémov spojených s fenoménom roku 2000 pri činnosti poisťovní. Postavenie a úloha súdnych znalcov. Dokazovaníe a dôkazy v českom právnom poriadku. Problém dátumu 31. 12. 1999 a prechod do roku 2000. Niektoré právne normy a súvislosť s dodávkami informačných systémov. 
610 2 0 |a poisťovne 
610 2 0 |a znalci 
610 2 0 |a systémy informačné 
610 2 0 |a 2000 
610 2 0 |a škody 
610 2 0 |a počítače 
610 2 0 |a normy právne 
610 2 0 |a Česko 
100 1 |a Smejkal, Vladimír